Riemannian Geometry.

Enregistré dans:
Détails bibliographiques
Auteur principal: Carmo, Manfredo Perdigão do (Auteur)
Autres auteurs: Flaherty, Francis (traduction)
Format: Inconnue
Publié: Boston, United States: Birkhäuser, 1992.
Collection:Mathematics: Theory & Applications.
Sujets:
Tags: Ajouter un tag
Pas de tags, Soyez le premier à ajouter un tag!

MARC

LEADER 00000 a2200000 4500
003 CL-VaPUC
005 20220909082508.0
008 220822t1992 ||||| |||| 00| 0 eng d
999 |c 438360  |d 438358 
020 |a 9780817634902 
040 |c Pontificia Universidad Católica de Valparaíso 
082 7 |a 516.373 CAR 1992  |2 22 
100 |a Carmo, Manfredo Perdigão do  |9 424294  |e author 
245 1 |a Riemannian Geometry. 
260 |a Boston, United States:  |b Birkhäuser,   |c 1992. 
300 |a 300 páginas. 
490 |a Mathematics: Theory & Applications.  
583 |k Cristina María Rojas Aguilar  |c 20220822 
650 |a Geometría Riemanniana  |9 270151 
700 |a Flaherty, Francis  |e traduction  |9 875741 
942 |2 ddc  |c BK 
952 |0 0  |1 0  |2 ddc  |4 0  |6 516_373000000000000_CAR_1992  |7 0  |8 A  |9 586306  |a BIBMAT  |b BIBMAT  |c GEN  |d 2022-08-22  |e 1  |g 45247.00  |i 5654203  |l 0  |o 516.373 CAR 1992  |p 5654203  |r 2025-01-07  |t 1  |v 45247.00  |w 2022-08-22  |y BK  |k MAT